000 00528nam a2200193 i 4500
001 25455
003 ES-MaACL
005 20230906153254.0
007 t|
008 021226s1966 sp ||||1| spa d
100 1 _aArias, Olga.
_922755
245 1 0 _aMetamórficos /
_cOlga Arias.
260 _aBilbao :
_b[s.n.,
_c1966] (
_fGráficas Castilla)
300 _a23 p. ;
_c22 cm.
490 1 _aAlrededor de la mesa
830 0 _aAlrededor de la mesa
_9182905
852 _aES-MaACL
_j2055-F-27
_bR.61609
999 _c25455
_d25455